[Event "10th LCC FIDE Open 2018"]
[Site "London"]
[Date "2018.12.13"]
[Round "5"]
[White "Richardson, John R"]
[Black "Sperling, Lennart"]
[Result "0-1"]
[WhiteElo "2242"]
[BlackElo "2116"]
[Annotator "TA"]
[PlyCount "92"]
[EventDate "2018.12.09"]
[EventType "swiss"]
[EventCountry "ENG"]
[SourceTitle "playchess.com"]
[Source "ChessBase"]
[SourceQuality "1"]

{[%evp 20,92,-17,-14,-25,-25,41,41,67,54,59,22,41,4,2,10,12,-58,-60,-58,-60,-68,-66,-66,-64,-55,-77,-64,-47,-52,-58,-119,-97,-97,-89,-167,-162,-129,-21,-132,-44,-91,-63,-73,-70,-192,-192,-165,-145,-114,-116,-122,-95,-114,-83,-141,-150,-200,-200,-191,-216,-198,-122,-200,-200,-201,-195,-286,-191,-211,-193,-196,-131,-816,-812]} 1. d4 Nf6 2. c4 e6 3. Nc3 Bb4 4. e3 O-O 5. Nge2 Re8 6. a3 Bf8 7. g3 d5 {E46: Nimzo-Indian: Rubinstein: 4 e3 0-0 5 Ne2 without early Bd3} 8. cxd5 exd5 9. Bg2 a5 10. O-O c6 (10... Na6 11. Nf4 c6 12. f3 c5 13. Kh1 Nc7 14. g4 h6 15. Nce2 {0-1 (54) Nakamura,H (2787)-Carlsen,M (2853) chess.com INT 2016}) 11. Nf4 {LiveBook: 3 Games} Bf5 12. f3 c5 $146 (12... h6 $11) ({Predecessor:} 12... Na6 13. g4 Bc8 14. h3 Nc7 15. Kh1 Ne6 16. Nxe6 Bxe6 17. e4 dxe4 18. fxe4 Bc4 19. Rf5 Qb6 20. Rb1 Bb3 21. Qd3 Qa6 22. Qxa6 {½-½ (22) Petrisor,A (2409)-Torok,S (2271) Hungary 2014}) 13. g4 $14 cxd4 14. exd4 ({Don't play} 14. gxf5 dxc3 15. bxc3 Nc6 $17) 14... Be6 15. g5 Nfd7 16. Ncxd5 Nc6 17. Ne3 {And now d5 would win.} Qxg5 18. d5 (18. Nxe6 $11 fxe6 19. f4) 18... Qxf4 $15 19. dxe6 Rxe6 20. Qxd7 {Kh1 is the strong threat.} Bc5 21. Kh1 $1 {Black must now prevent Bh3.} Bxe3 22. Bxe3 Qxe3 23. Qxb7 Rb8 24. Qc7 Qe5 25. Qd7 (25. Qxe5 $15 Nxe5 26. b4) 25... Rd8 26. Qb7 Qf4 27. Rac1 (27. Rae1 $17 {is a better defense.} Rh6 28. h3) 27... Rh6 $19 {[%csl Gh6][%cal Rf4h2]} 28. h3 {[#]} Nd4 (28... Rg6 $1 $17 29. Rfd1 (29. Rxc6 {gets mated.} Rxg2 30. Qxf7+ Kxf7 31. Rc7+ Kf8 32. Kxg2 Rd2+ 33. Rf2 Qg5+ 34. Kh1 Rd1+ 35. Rf1 Rxf1+ 36. Kh2 Qg1#) 29... Rxd1+ 30. Rxd1 h6) 29. Rfe1 (29. Rc8 $11 Rhd6 30. Rxd8+ Rxd8 31. Rd1) 29... Rhd6 (29... Re6 $17 {Strongly threatening ...Nf5.} 30. Rcd1 Rxe1+ 31. Rxe1 Qd2) 30. Rc8 {White wants to mate with Re8+.} Ne6 31. Rxd8+ Rxd8 32. Qe7 (32. Qe4 $15) 32... Qd2 33. Rg1 h6 34. b4 axb4 35. Qxb4 Qf2 36. Rf1 Qg3 {Hoping for ...Nf4.} 37. Qg4 (37. f4 $142) 37... Qc7 $17 38. Re1 Rd4 39. Qf5 Qg3 40. Rg1 Rf4 ({Better is} 40... g6 $19 41. Qc2 Ng5) 41. Qd5 (41. Qe5 $17) 41... Ng5 $19 {[%cal Rg5f3]} 42. Bf1 Qf2 $40 {[%mdl 128] White is in trouble.} 43. Bd3 (43. Bg2 $142) 43... Qxf3+ 44. Qxf3 Rxf3 ({Weaker is} 44... Nxf3 45. Rf1 $14) 45. Rd1 Nxh3 (45... Re3 $19 46. Bc2 Ne6) 46. Kg2 $2 {[%mdl 8192] [#]} (46. Be4 $17 Nf2+ 47. Kg2 Nxd1 48. Kxf3) 46... Rxd3 $1 {Precision: White = 30%, Black = 47%.} 0-1

[Event "10th LCC FIDE Open 2018"]
[Site "London"]
[Date "2018.12.13"]
[Round "5"]
[White "Signorelli, Gaetano"]
[Black "Arkell, Keith C"]
[Result "0-1"]
[WhiteElo "2222"]
[BlackElo "2453"]
[Annotator "TA"]
[PlyCount "118"]
[EventDate "2018.12.09"]
[EventType "swiss"]
[EventCountry "ENG"]
[SourceTitle "playchess.com"]
[Source "ChessBase"]
[SourceQuality "1"]

{[%evp 18,118,66,74,83,74,89,83,93,89,95,60,84,52,52,52,54,58,59,23,55,14,14,16,31,22,10,14,18,10,15,14,29,29,29,8,0,0,0,0,0,0,0,0,11,0,0,-38,-22,-39,-20,-24,0,0,0,0,0,0,26,27,61,-67,-66,-152,-154,-166,-152,-174,-186,-231,-137,-237,-241,-239,-219,-710,-685,-637,-624,-1594,-1280,-1183,-1129,-1036,-1038,-1022,-753,-5114,-1425,-29977,-6095,-5521,-5521,-29984,-29985,-29985,-29982,-29982,-29983,-29992,-29988,-29989,-29988]} 1. e4 c6 2. d4 d5 3. Nc3 g6 4. e5 Bg7 5. f4 h5 6. Nf3 Bg4 7. h3 Bxf3 8. Qxf3 e6 9. Be3 h4 10. Bd3 {LiveBook: 26 Games} Na6 $146 {B15: Caro-Kann: 3 Nc3: 3...g6 and 3...dxe4 4 Nxe4 Nf6 5 Nxf6+ exf6} ({Predecessor:} 10... Ne7 11. O-O Nf5 12. Bf2 Nd7 13. Ne2 Rc8 14. Rfd1 Bf8 15. b3 Ba3 16. Rab1 a5 17. c4 Qe7 18. Rd2 Kf8 19. Rc2 Kg7 20. Kh2 Nb6 {1-0 (42) Ivanisevic,I (2656)-Warakomski,T (2492) Warsaw 2016}) 11. a3 Nh6 12. O-O Nf5 {White is better.} 13. Bf2 Nc7 14. Ne2 a5 15. a4 Bf8 16. Kh2 Be7 17. Ng1 Kf8 18. Qe2 (18. c3 {seems wilder.} Na6 19. Ne2 Kg7 20. b3 Rc8 21. Rad1) 18... Ne8 19. Bxf5 exf5 20. Nf3 Ng7 21. b3 Ne6 22. Qd2 Kg7 23. Rfd1 Qd7 24. Rac1 b5 25. Ra1 b4 26. Be3 Rac8 27. c3 bxc3 28. Qxc3 Rb8 29. Rab1 Bb4 30. Qd3 Rb6 31. Rdc1 Qb7 32. Rc2 Be7 33. Bd2 Ra8 34. Rcb2 c5 35. dxc5 Nxc5 36. Qd4 Ne6 ({Wrong is} 36... Rxb3 $2 37. Rxb3 Nxb3 38. Qd3 $18) 37. Qd3 Qd7 38. Nd4 Bc5 {[%cal Be7c5,Bc5f2,Bf2g3][%mdl 32]} 39. Nf3 (39. Nxe6+ $14 fxe6 40. Rc2) 39... Bf2 $36 {[%mdl 2048] Black is pushing.} 40. Be3 (40. Kh1 $15) 40... Bg3+ $17 41. Kh1 Rb4 42. Rd1 Rab8 ({Resist} 42... Nxf4 43. Bxf4 Bxf4 44. Qxd5 $17) 43. Bf2 {[#]} Nxf4 (43... Rxa4 $1 $19 {[%mdl 512]} 44. Nxh4 (44. bxa4 Rxb2) 44... Bxf4) 44. Qa6 (44. Qc3 $17 Ne6 45. Bc5) 44... Ne6 45. Qxa5 Rxb3 46. Rxd5 $2 (46. Rbd2) 46... Qxd5 $19 47. Qxd5 Rxb2 48. Be3 Rb1+ 49. Ng1 Rd8 50. Qa2 Rdd1 51. a5 Ra1 52. Qb3 Bxe5 (52... f4 $142 53. Bb6 {[#]} Rxg1+ $1 {[%mdl 512]} 54. Bxg1 Bf2) 53. a6 Bd4 (53... f4 $142 54. Ba7 Bd4 55. Qxd1 {[%mdl 64] Remove Defender} Rxd1 56. Bxd4+ Nxd4 57. Kh2 Ra1 58. a7 Rxa7 59. Nf3 Nxf3+ 60. gxf3 Ra2+ 61. Kg1 Kf6 62. Kf1 Ke5 63. Ke1 Kd4 64. Kd1 Kd3 65. Ke1 f5 66. Kf1 Ke3 67. Kg1 Kxf3 68. Kh1 Kg3 69. Kg1 Ra1#) 54. a7 Bxe3 55. Qxd1 Rxd1 {Black mates.} 56. a8=Q Rxg1+ 57. Kh2 Nf4 58. Qd8 Rxg2+ 59. Kh1 Rg3 {Accuracy: White = 33%, Black = 64%.} 0-1

[Event "10th LCC FIDE Open 2018"]
[Site "London"]
[Date "2018.12.13"]
[Round "5"]
[White "Hill, Alistair"]
[Black "Head, Louise"]
[Result "0-1"]
[WhiteElo "2219"]
[BlackElo "2079"]
[Annotator "TA"]
[PlyCount "102"]
[EventDate "2018.12.09"]
[EventType "swiss"]
[EventCountry "ENG"]
[SourceTitle "playchess.com"]
[Source "ChessBase"]
[SourceQuality "1"]

{[%evp 13,102,2,12,18,36,60,42,44,61,8,51,51,24,-63,-43,-53,-49,-89,-88,-97,-96,-114,-111,-107,-100,-104,-100,-120,-107,-124,-108,-159,-140,-137,-116,-140,-122,-137,-130,-167,-170,-214,-175,-176,-152,-157,-137,-136,-88,-148,-148,-145,-139,-179,-208,-208,-170,-275,-143,-225,-157,-277,-225,-210,-221,-224,-219,-199,-194,-264,-261,-231,-147,-132,-125,-285,0,0,0,0,0,0,0,0,0,-106,-107,-133,-136,-1737,-1598]} 1. e4 c6 2. Nf3 d5 3. Nc3 Nf6 4. e5 Ne4 5. d4 Nxc3 6. bxc3 {B11: Caro-Kann: Two Knights Variation} e6 (6... c5 7. Rb1 Nc6 8. dxc5 e6 9. Bd3 Bxc5 10. O-O h6 11. Qe2 O-O 12. c4 Nb4 13. Be3 Nxd3 14. cxd3 Bxe3 15. Qxe3 dxc4 16. dxc4 {½-½ (32) Short,N (2698)-Tari,A (2588) Douglas 2017}) 7. c4 c5 {LiveBook: 5 Games} 8. cxd5 {The position is equal.} Qxd5 9. c4 Qe4+ 10. Be2 Nc6 {[%cal Rc6d4]} 11. d5 $1 {[%cal Rd5c6]} Nd4 $146 ({Predecessor:} 11... exd5 12. cxd5 Nb4 13. e6 {1-0 (38) Snijders,J-Thys,H (1768) ICCF email 2015}) 12. Nxd4 cxd4 13. Bb2 (13. O-O $11) 13... Bc5 (13... exd5 $6 14. O-O $16) (13... Qxg2 14. Bf3 $16) 14. O-O O-O ({And not} 14... exd5 15. Bf3 $16) 15. Bf3 Qxe5 16. Re1 Qf6 17. Qe2 Rb8 18. Rad1 b6 $1 19. Qe4 {[%cal Rb2d4]} exd5 20. cxd5 {[%cal Rb2d4]} Bf5 21. Qe2 d3 22. Qd2 (22. Qe5 $142) 22... Qg6 23. Qf4 Rbe8 24. Bc3 Bd6 25. Qh4 h6 26. Rxe8 Rxe8 27. Qa4 Re7 {...Be4 is the strong threat.} 28. g3 Bc5 29. Qf4 a5 30. h4 Bd7 31. h5 (31. Bd4 $142) 31... Qf5 $17 32. Bd2 Re8 33. g4 Qxf4 34. Bxf4 Bb5 35. Kg2 {[#]} (35. Rc1 {might work better.}) 35... a4 (35... Re2 $1 $19 {[%mdl 512]} 36. a4 (36. Bxe2 $2 dxe2 37. Rc1 Bb4 $19) 36... Rxf2+ 37. Kg3 Bxa4 38. Rxd3 Rb2) 36. Kg3 (36. Rc1 $17) 36... a3 {And now ...Re2! would win.} 37. Bc7 (37. Rc1 $17) 37... Bd4 38. d6 Be5+ 39. Kg2 {[#]} Re6 $1 40. Bd5 {[#]} Rf6 $1 ({Stronger than} 40... Bxd6 41. Bxe6 Bxc7 42. Bb3 $11) 41. Be4 (41. f3 $142) 41... Bxd6 $19 42. Bxb6 Bf8 43. Ba5 Rd6 44. Rb1 $2 (44. Bc3 $17) 44... Bc6 $2 ({Black should play} 44... Bc4 $19 45. Rb8 d2) 45. Bxc6 $11 Rxc6 {[%mdl 4096] Endgame KRB-KRB} 46. Rb8 {Threatens to win with Bb4.} Rd6 47. Bd2 $1 f5 48. gxf5 Rd5 49. Kf1 (49. Kf3 $11 {remains equal.}) 49... Kf7 $17 50. Rb3 Kf6 51. Bc1 $2 {[%mdl 8192]} (51. Rb7 $17) 51... d2 {Accuracy: White = 38%, Black = 73%.} 0-1

[Event "10th LCC FIDE Open 2018"]
[Site "London"]
[Date "2018.12.13"]
[Round "5"]
[White "Knudsen, Simon"]
[Black "Wilks, Simon"]
[Result "0-1"]
[WhiteElo "2206"]
[BlackElo "2019"]
[Annotator "TA"]
[PlyCount "142"]
[EventDate "2018.12.09"]
[EventType "swiss"]
[EventCountry "ENG"]
[SourceTitle "playchess.com"]
[Source "ChessBase"]
[SourceQuality "1"]

{[%evp 13,142,49,72,71,83,72,122,88,127,48,50,22,30,18,53,19,49,50,58,51,54,54,53,60,92,86,120,26,13,0,0,0,0,0,0,0,4,3,9,6,4,0,21,6,11,0,52,51,47,47,48,48,75,35,46,24,16,6,0,0,8,9,7,8,5,9,4,8,4,0,5,0,0,0,0,-12,0,0,0,0,14,14,14,14,14,22,31,0,22,22,25,25,43,43,64,61,98,4,54,-8,0,0,0,0,0,0,0,0,0,0,0,0,0,0,0,0,0,0,0,-1916,-1829,-5222,-5214,-4133,-3164,-29977,-29978,-29984,-29985,-29984,-29985]} 1. e4 {[%cal Be2e4,Be4e5][%mdl 32]} e6 2. d4 d5 3. Nd2 Nc6 4. Ngf3 Nf6 5. e5 Nd7 6. c4 dxc4 {C04: French Tarrasch: 3...Nc6} (6... Be7 7. Bd3 Nb4 8. Bb1 dxc4 9. Nxc4 Nb6 10. Ncd2 Bd7 11. a3 N4d5 12. O-O Ba4 13. Bc2 Qd7 14. Ne4 Bxc2 15. Qxc2 {½-½ (49) Jobava,B (2706)-Kuzubov,Y (2615) Plovdiv 2012}) 7. Nxc4 Nb4 {LiveBook: 3 Games} 8. a3 Nd5 {White is better.} 9. Bd3 a6 $146 ({Predecessor:} 9... Be7 10. O-O b6 11. Qe2 Bb7 12. Qe4 h5 13. Ne3 g5 14. Nxd5 Bxd5 {½-½ (79) Savic,M (2526)-Djordjevic,V (2410) Pirot 2016}) 10. O-O b5 11. Ncd2 (11. Bg5 $16 Be7 12. Bxe7 Qxe7 13. Na5) 11... c5 $14 12. Ne4 cxd4 13. Re1 Nc5 14. Bb1 h6 15. Nxd4 Nxe4 16. Bxe4 Bb7 17. Qf3 Qd7 18. Bd2 Bc5 19. Nb3 Bb6 {[#]} 20. Rac1 (20. Bb4 $1 $16) 20... O-O $1 $11 21. Nc5 Bxc5 $1 22. Rxc5 Rac8 23. Rcc1 Rxc1 24. Bxc1 Ba8 25. Qg3 {aiming for Bxh6.} Kh8 26. Bb1 Ne7 $1 27. Qh3 Ng8 28. Be3 Qd5 29. Qg3 Qb3 (29... Ne7 $11) 30. Bc5 $14 Qxg3 31. hxg3 Rd8 32. Bd6 Rc8 33. Bd3 h5 34. a4 bxa4 35. Ra1 Nh6 36. Bb4 Bc6 {Threatening ...Bb5.} 37. Bxa6 Rb8 38. Bc3 Nf5 39. Be2 g6 40. Bd1 Ra8 41. Kf1 Ne7 42. Rc1 Nd5 43. Bd4 Bb5+ 44. Ke1 Rd8 45. Bc5 Rc8 46. Kd2 Kh7 47. Bd6 Rxc1 48. Kxc1 $11 {[%mdl 4096] Endgame KBB-KBN} Kg7 49. Kd2 f6 {[%cal Bf7f6,Bf6f5,Bf5f4][%mdl 32]} 50. Be2 Bc6 51. Bf3 Kf7 52. Kd3 f5 53. Kd4 Ke8 54. Kc5 Kd7 {[#]} 55. Be2 (55. Bf8 $1 $16) 55... f4 56. g4 ({Better is} 56. Bf3 $14) 56... h4 57. Bf3 $1 Nb4 58. Bxc6+ $1 ({Don't play} 58. Kxb4 Bxf3 59. Bf8 Bxg4 $17) 58... Nxc6 {KB-KN} 59. f3 $1 g5 60. Kc4 $1 Na5+ 61. Kb4 Nc6+ 62. Kc5 ({Avoid the trap} 62. Kxa4 $2 Nd4 $19) 62... Na5 $1 {[%cal Ra5b7] Threatens to win with ...Nb7+.} 63. Kd4 Nc6+ 64. Kd3 Ke8 65. Ke4 Na5 66. Bb4 $2 {[%mdl 8192]} (66. Kd4 $11) 66... Nc4 $19 67. Bc5 Nxb2 68. Kd4 Nd1 69. Kc4 Ne3+ {[%mdl 64] Double Attack. Black mates.} 70. Kb4 Nxg2 71. Kxa4 Ne1 {Accuracy: White = 46%, Black = 55%.} 0-1

[Event "10th LCC FIDE Open 2018"]
[Site "London"]
[Date "2018.12.13"]
[Round "5"]
[White "Stoyanov, Viktor"]
[Black "McDonald, Neil"]
[Result "0-1"]
[WhiteElo "2205"]
[BlackElo "2403"]
[Annotator "TA"]
[PlyCount "94"]
[EventDate "2018.12.09"]
[EventType "swiss"]
[EventCountry "ENG"]
[SourceTitle "playchess.com"]
[Source "ChessBase"]
[SourceQuality "1"]

{[%evp 12,94,22,0,12,-17,-4,-14,18,6,7,-13,-25,0,40,20,0,-72,-66,-137,-143,-123,-133,-134,-140,-131,-132,-190,-191,-182,-179,-274,-253,-258,-253,-262,-258,-261,-251,-250,-230,-284,-289,-284,-268,-272,-277,-322,-310,-362,-366,-367,-342,-350,-335,-337,-331,-591,-591,-579,-537,-583,-585,-787,-783,-903,-871,-736,-575,-543,-520,-1009,-983,-886,-872,-1010,-1001,-1156,-991,-991,-961,-1654,-1457,-1637,-1534]} 1. d4 d5 2. c4 e6 3. Nf3 Nf6 4. g3 dxc4 5. Bg2 Bd7 6. O-O {E04: Open Catalan: 5 Nf3} (6. Ne5 Bc6 7. Nxc6 Nxc6 8. e3 Qd7 9. O-O Rd8 10. Qe2 e5 11. Rd1 Be7 12. d5 Nb4 13. Qxc4 Nbxd5 14. Nc3 c6 15. e4 Qg4 16. h3 Nb6 17. Rxd8+ Bxd8 {½-½ (17) Paravyan,D (2629)-Grachev,B (2626) Sochi 2018}) 6... Bc6 7. a4 {LiveBook: 9 Games} a6 8. Nc3 {The position is equal.} Bb4 9. Qc2 Bxc3 $146 ({Predecessor:} 9... O-O 10. Bg5 Bxc3 11. Qxc3 Ne4 12. Bxd8 Nxc3 13. bxc3 Rxd8 {1-0 (50) Klocker,B (2174)-Brehovsky,P (2133) Austria 2018}) 10. Qxc3 Bd5 11. Ne5 Bxg2 12. Kxg2 Qd5+ 13. f3 Nc6 14. e4 (14. Be3 $11 {remains equal.}) 14... Qxd4 $17 15. Nxc6 (15. Qxd4 $15 Nxd4 16. Nxc4) 15... Qxc3 16. bxc3 {[#] aiming for Na5.} bxc6 17. Rb1 O-O-O 18. Rb4 Nd7 19. a5 (19. Rxc4 $17 {might work better.} Nb6 20. Rxc6) 19... c5 $19 20. Rxc4 Kb7 21. Bf4 (21. e5 $142) 21... Kc6 {[#] Strongly threatening ...Kb5.} 22. Ra4 Rb8 23. Ra2 Rb3 24. Rc1 Rhb8 25. Rcc2 R8b7 26. c4 Rd3 27. Rd2 Rbb3 28. Rxd3 Rxd3 {[%mdl 4096] Endgame KRB-KRN} 29. Rc2 Ra3 30. Bd2 Ne5 31. Bf4 Nd3 {Hoping for ...Ne1+.} 32. Bd2 {Now Rc3 and White clings on.} Nb4 33. Rb2 Rxa5 34. Bxb4 $2 (34. g4) 34... cxb4 {Black is clearly winning.} 35. Rxb4 {KR-KR} Ra1 36. Rb8 a5 {[%cal Ba6a5,Ba5a4,Ba4a3,Ba3a2][%mdl 32]} 37. Rf8 a4 38. Rb8 a3 39. Rb5 Ra2+ 40. Kh3 Rf2 41. f4 (41. Ra5 $142 Rxf3 42. Kg2) 41... a2 42. Ra5 Kb6 43. Ra8 Kc5 44. Ra7 c6 {[%cal Bc7c6,Bc6c5][%mdl 32]} 45. Ra6 Kd4 46. e5 c5 47. Ra4 Kc3 {Accuracy: White = 30%, Black = 85%.} 0-1

[Event "10th LCC FIDE Open 2018"]
[Site "London"]
[Date "2018.12.13"]
[Round "5"]
[White "Villiers, Thomas"]
[Black "Rice, Chris B"]
[Result "1-0"]
[WhiteElo "2205"]
[BlackElo "1963"]
[Annotator "TA"]
[PlyCount "77"]
[EventDate "2018.12.09"]
[EventType "swiss"]
[EventCountry "ENG"]
[SourceTitle "playchess.com"]
[Source "ChessBase"]
[SourceQuality "1"]

{[%evp 9,77,0,0,12,0,-7,0,-43,32,8,22,22,62,45,52,45,44,43,72,66,73,66,62,70,66,60,79,80,85,82,108,22,39,10,31,0,16,4,25,26,25,26,26,26,24,24,24,19,104,103,100,101,122,134,168,149,153,111,111,111,275,256,592,303,29987,29988,29993,29994,29994,29995]} 1. d4 a6 2. Bf4 (2. e4 e6 3. Nf3 d5 4. Nbd2 Nf6 5. e5 Nfd7 6. Bd3 c5 7. c3 Nc6 8. O-O g5 9. dxc5 g4 10. Nd4 Ndxe5 11. N2b3 Nxd3 12. Qxd3 e5 13. Re1 Bg7 14. Nxc6 bxc6 15. Nd4 Qf6 {½-½ (43) Sokolov,I (2625)-Bauer,C (2630) Maastricht 2017}) 2... Nf6 {[%cal Bg8f6,Bf6d7,Bd7c5][%mdl 32]} 3. Nd2 e6 $146 ({Predecessor:} 3... g6 4. e4 d6 5. h3 Nbd7 6. Ngf3 Bg7 7. Bd3 O-O 8. O-O Nh5 9. Bg5 h6 10. Be3 {1-0 (35) Archer Lock,C (2043)-Bennett,D (1951) Basingstoke 2018}) 4. e4 c5 5. c4 d5 6. e5 {A40: Unusual replies to 1 d4} Nfd7 7. cxd5 exd5 8. Bd3 {The position is equal.} Qb6 (8... cxd4 $15 9. Ngf3 Nc5) 9. Ngf3 Nc6 10. O-O cxd4 11. Nb3 Nc5 12. Nfxd4 Nxd4 13. Nxd4 Ne6 14. Be3 Nxd4 15. Bxd4 Bc5 (15... Qxd4 $2 {[#]} 16. Bb5+ $1 {[%mdl 512]} axb5 17. Qxd4 $18) 16. Bxc5 Qxc5 17. Rc1 Qb6 18. Qa4+ Bd7 19. Qa3 h5 20. Qc3 ({White should try} 20. Bc2 $16) 20... O-O $11 21. Bb1 g6 22. Qc7 Qe6 23. f4 {[%cal Bf2f4,Bf4f5][%mdl 32] Hoping for f5.} Rfc8 24. Qxb7 {[#] And now f5 would win.} Rcb8 25. Qc7 $36 {[%mdl 2048] Strongly threatening f5. White has the initiative.} Rxb2 {White must now prevent ...Rc8.} 26. f5 Qb6+ $1 27. Qxb6 Rxb6 28. Rc7 Bxf5 (28... Bb5 $11 29. Rf2 Bc4) 29. Bxf5 $16 gxf5 30. Rxf5 $11 {[%mdl 4096] Endgame KRR-KRR} Rf8 31. Rxh5 Rb1+ 32. Kf2 Rb2+ 33. Kf3 Rxa2 34. Rg5+ Kh7 $2 (34... Kh8 $16) 35. e6 $18 Kh6 $2 (35... Ra1 {is tougher.} 36. Kg4 (36. Rxd5 Rf1+ 37. Kg4 Rf2 $18) (36. Rxf7+ Rxf7+ 37. exf7 Rf1+ 38. Ke3 Rxf7 $16) 36... Rf1 37. Rxd5 Kh6 38. Rh5+ Kg6 39. Rg5+ Kf6 40. exf7 Rf2) 36. Rxf7 Ra3+ $2 (36... Re8 $18 37. Re5 (37. Rxd5 Rxe6 38. Rdd7 Rb6 $14) 37... Ra4) 37. Kg4 {White mates.} Ra4+ 38. Kf5 $1 Rh8 39. g4 {Accuracy: White = 50%, Black = 31%.} 1-0

[Event "10th LCC FIDE Open 2018"]
[Site "London"]
[Date "2018.12.13"]
[Round "5"]
[White "Stephan, Axel"]
[Black "Gerlach, Felix Tobias"]
[Result "1/2-1/2"]
[WhiteElo "2204"]
[BlackElo "2050"]
[Annotator "TA"]
[PlyCount "80"]
[EventDate "2018.12.09"]
[EventType "swiss"]
[EventCountry "ENG"]
[SourceTitle "playchess.com"]
[Source "ChessBase"]
[SourceQuality "1"]

{[%evp 31,80,0,0,0,0,-13,16,0,0,0,0,-11,14,0,17,0,0,-31,-21,-29,-16,-40,-29,-41,-20,-20,0,0,0,-24,-10,-22,-14,-31,-26,-65,-68,-201,-206,-245,-216,-198,-143,-138,-119,-133,-10,-10,-10,-10,-17]} 1. e4 e5 2. Nf3 Nc6 3. Bb5 a6 4. Ba4 Nf6 5. O-O Be7 6. Re1 b5 7. Bb3 d6 8. c3 O-O 9. h3 Na5 10. Bc2 c5 11. d4 Qc7 12. Nbd2 cxd4 13. cxd4 Nc6 14. d5 Nb4 15. Bb1 a5 16. a3 Na6 {LiveBook: 38 Games} 17. b3 {C99: Closed Ruy Lopez: Chigorin Defence: 11 d4 Qc7 12 Nbd2 cxd4} (17. b4 Bd7 18. Qb3 axb4 19. axb4 Qb7 20. Bd3 Rfc8 21. Nf1 Bd8 22. Ng3 Bb6 23. Bg5 Ne8 24. Ne2 Nac7 {½-½ (58) Svidler,P (2727)-Akopian,V (2679) Dresden 2008}) 17... Bd7 18. Ra2 Rfc8 19. Rc2 Qb7 20. Rxc8+ Rxc8 21. Nf1 h6 $146 ({Predecessor:} 21... Nc5 22. Ng3 g6 23. Be3 Bd8 24. Nd2 Bb6 {1-0 (71) Moiseev,I (2228)-Novikova,M (2055) Kiev 2008}) 22. Ng3 Bd8 23. Be3 Bb6 24. Qd2 Bxe3 25. Rxe3 Qc7 26. Ne2 b4 27. axb4 Nxb4 28. Rc3 Qb7 29. Rxc8+ Qxc8 30. Ne1 Bb5 {[#] ...Bxe2 is the strong threat.} 31. Nc3 Ba6 32. Na4 Qb7 33. Nc3 Nd7 34. Bc2 (34. Qd1 $15) 34... Nxc2 $19 35. Nxc2 Qxb3 36. Ne3 Nb6 ({Black should play} 36... a4 $19 37. Nf5 a3 38. Nxd6 Qb2) 37. Nf5 $17 Nc4 38. Qd3 Qb2 {[#]} ({Better is} 38... Qa3 $17 39. Kh2 Kf8) 39. Nxd6 $1 $11 {[%mdl 512]} Qc1+ (39... Nxd6 40. Qxa6) 40. Kh2 Qf4+ {Accuracy: White = 43%, Black = 45%.} 1/2-1/2